[Event "2. Obert de Tardor Barcelona UGA 2014"]
[Site "Barcelona ESP"]
[Date "2014.10.06"]
[Round "1.1"]
[White "Perez Pastora, Evarist"]
[Black "Sanchez Viana, Jordi"]
[Result "0-1"]
[WhiteElo "2258"]
[BlackElo "1907"]
[PlyCount "150"]
[EventDate "2014.10.06"]
[EventType "swiss"]
[EventRounds "8"]
[EventCountry "ESP"]
[Source "lmi"]
[SourceDate "2014.10.06"]

1. e4 c5 2. Nf3 Nc6 3. d4 cxd4 4. Nxd4 Nf6 5. Nxc6 bxc6 6. Bd3 d6 7. O-O e5 8.
Nd2 Be7 9. b3 O-O 10. Bb2 a5 11. a4 Qc7 12. Kh1 d5 13. Qe2 Bd6 14. Rae1 dxe4
15. Nxe4 Nxe4 16. Qxe4 f5 17. Qh4 Be6 18. Bc4 Bxc4 19. Qxc4+ Kh8 20. Re3 Rab8
21. Rd1 Rbd8 22. Rde1 e4 23. Rh3 Bb4 24. Rf1 Rd2 25. Rg3 Rf7 26. Qe6 Qd7 27.
Qc4 Rd1 28. h4 Rxf1+ 29. Qxf1 Qd2 30. Qa6 Qd8 31. Qxc6 Qxh4+ 32. Kg1 Qd8 33.
Qe6 Qd7 34. Qc4 f4 35. Rg5 e3 36. Rd5 exf2+ 37. Kxf2 Qe7 38. Re5 Qh4+ 39. Kg1
Rf8 40. Qe4 Rd8 41. Re8+ Bf8 42. Rxd8 Qxd8 43. Qxf4 Qd1+ 44. Kh2 Bd6 45. Be5
Qh5+ 46. Kg1 Qxe5 47. Qxe5 Bxe5 48. Kf2 Kg8 49. Ke2 Kf7 50. Kd3 Ke6 51. c3 Kd5
52. b4 axb4 53. cxb4 Bd6 54. Kc3 h5 55. a5 Bc7 56. Kb3 g5 57. Ka4 Kc6 58. b5+
Kc5 59. b6 Bb8 60. Kb3 Kb5 61. Kc3 Kxa5 62. Kd3 Kxb6 63. Ke3 Kc5 64. Ke4 h4 65.
Kf3 Kd4 66. Kf2 Ke4 67. Kg1 Ba7+ 68. Kh2 g4 69. Kh1 Ke3 70. Kg1 Ke2+ 71. Kh2
Kf1 72. Kh1 Bb8 73. g3 h3 74. Kh2 Kf2 75. Kh1 Kxg3 0-1

[Event "2. Obert de Tardor Barcelona UGA 2014"]
[Site "Barcelona ESP"]
[Date "2014.10.06"]
[Round "1.2"]
[White "Sanz Ogaya, Mario"]
[Black "Sanchez Criado, Lluis"]
[Result "0-1"]
[WhiteElo "1891"]
[BlackElo "2234"]
[PlyCount "114"]
[EventDate "2014.10.06"]
[EventType "swiss"]
[EventRounds "8"]
[EventCountry "ESP"]
[Source "lmi"]
[SourceDate "2014.10.06"]

1. e4 c6 2. d4 d5 3. Nc3 dxe4 4. Nxe4 Bf5 5. Ng3 Bg6 6. Nf3 Nd7 7. Bd3 Ngf6 8.
O-O e6 9. Re1 Be7 10. c4 Qc7 11. b3 O-O 12. Bb2 Rfe8 13. Bxg6 hxg6 14. Qc2 c5
15. Rad1 Rad8 16. Ne4 Nxe4 17. Rxe4 Nf6 18. Ree1 a6 19. a3 cxd4 20. Rxd4 Rxd4
21. Nxd4 Rd8 22. Nf3 Qd6 23. Qe2 a5 24. h3 Nh5 25. g3 Qd3 26. Ne5 Qxe2 27. Rxe2
Bc5 28. Kg2 f6 29. Nxg6 Kf7 30. Nf4 Nxf4+ 31. gxf4 Rd3 32. b4 axb4 33. axb4
Bxb4 34. Rc2 Bc5 35. Bc1 Kg6 36. f3 Kf5 37. Kg3 Rd1 38. Kg2 Bd6 39. c5 Bxf4 40.
Bxf4 Kxf4 41. Rc4+ Kf5 42. c6 bxc6 43. Rxc6 e5 44. Rc4 Rd4 45. Rc1 Kf4 46. Rc3
Rd2+ 47. Kf1 Rh2 48. Kg1 Rxh3 49. Kg2 Rh8 50. Ra3 Rd8 51. Ra2 f5 52. Ra4+ Rd4
53. Ra2 g5 54. Rb2 g4 55. fxg4 Kxg4 56. Re2 e4 57. Kf2 f4 0-1

[Event "2. Obert de Tardor Barcelona UGA 2014"]
[Site "Barcelona ESP"]
[Date "2014.10.06"]
[Round "1.3"]
[White "Canellas Magide, Lluis"]
[Black "Masferrer Andreu, Josep Miquel"]
[Result "1-0"]
[WhiteElo "2208"]
[BlackElo "1862"]
[PlyCount "55"]
[EventDate "2014.10.06"]
[EventType "swiss"]
[EventRounds "8"]
[EventCountry "ESP"]
[Source "lmi"]
[SourceDate "2014.10.06"]

1. d4 d5 2. Nc3 c6 3. Bg5 Qc7 4. e4 e6 5. Nf3 Be7 6. Bxe7 Nxe7 7. Bd3 Nd7 8.
Qd2 b6 9. Qg5 Ng6 10. e5 Bb7 11. O-O-O Qd8 12. Qg3 O-O 13. h4 a5 14. h5 Ne7 15.
Ng5 Nf5 16. Bxf5 exf5 17. e6 Nf6 18. exf7+ Rxf7 19. Nxf7 Kxf7 20. Qg5 Qd7 21.
f3 c5 22. Rhe1 c4 23. Re5 g6 24. Rde1 Re8 25. Qh6 Rg8 26. g4 fxg4 27. fxg4 Bc6
28. g5 1-0

[Event "2. Obert de Tardor Barcelona UGA 2014"]
[Site "Barcelona ESP"]
[Date "2014.10.06"]
[Round "1.5"]
[White "Cardenas, Fernando Adrian"]
[Black "Ylla Soro, Rafael"]
[Result "1-0"]
[WhiteElo "2171"]
[BlackElo "1853"]
[PlyCount "45"]
[EventDate "2014.10.06"]
[EventType "swiss"]
[EventRounds "8"]
[EventCountry "ESP"]
[Source "lmi"]
[SourceDate "2014.10.06"]

1. Nf3 f5 2. d3 Nf6 3. e4 fxe4 4. dxe4 Nxe4 5. Bd3 Nf6 6. Ng5 e6 7. Nxh7 d6 8.
Bg6+ Kd7 9. Ng5 Qe7 10. Nf7 Rh4 11. Bg5 Rb4 12. Na3 Nc6 13. c3 Rxb2 14. O-O Rb6
15. Re1 Ra6 16. Nc4 b5 17. Nce5+ Nxe5 18. Nxe5+ Kd8 19. Qf3 d5 20. a4 bxa4 21.
Rxa4 Rb6 22. Rf4 Bb7 23. Rxf6 1-0

[Event "2. Obert de Tardor Barcelona UGA 2014"]
[Site "Barcelona ESP"]
[Date "2014.10.06"]
[Round "1.6"]
[White "Maqueda Berdugo, Francisco"]
[Black "Castells Briones, Miquel"]
[Result "0-1"]
[WhiteElo "1846"]
[BlackElo "2170"]
[PlyCount "64"]
[EventDate "2014.10.06"]
[EventType "swiss"]
[EventRounds "8"]
[EventCountry "ESP"]
[Source "lmi"]
[SourceDate "2014.10.06"]

1. e4 c5 2. Nf3 Nc6 3. d4 cxd4 4. Nxd4 Nf6 5. Nc3 e5 6. Ndb5 d6 7. Bg5 a6 8.
Na3 b5 9. Bxf6 gxf6 10. Nd5 f5 11. Bd3 Be6 12. c3 Bg7 13. Nc2 Bxd5 14. exd5 Ne7
15. Be2 O-O 16. O-O Qb6 17. Qd2 h6 18. Rfd1 Rac8 19. g4 fxg4 20. Bxg4 f5 21.
Bh3 Rc4 22. Kh1 Rh4 23. Bg2 Ng6 24. Qe3 Qd8 25. Rg1 Nf4 26. h3 Qg5 27. Bf1 Qh5
28. Qg3 Rg4 29. Qh2 Rxg1+ 30. Kxg1 Rf6 31. Ne3 Rg6+ 32. Kh1 Qf3+ 0-1

[Event "2. Obert de Tardor Barcelona UGA 2014"]
[Site "Barcelona ESP"]
[Date "2014.10.06"]
[Round "1.7"]
[White "Magallanes, Gustavo Javier"]
[Black "Fernandez Gilbert, Mario"]
[Result "1-0"]
[WhiteElo "2118"]
[BlackElo "1840"]
[PlyCount "41"]
[EventDate "2014.10.06"]
[EventType "swiss"]
[EventRounds "8"]
[EventCountry "ESP"]
[Source "lmi"]
[SourceDate "2014.10.06"]

1. e4 d5 2. exd5 Qxd5 3. Nc3 Qd6 4. d4 Bf5 5. Nf3 Nc6 6. Nb5 Qd7 7. Bf4 e5 8.
Nxe5 Nxe5 9. dxe5 O-O-O 10. Qxd7+ Rxd7 11. c3 c6 12. Nd4 Be6 13. Nxe6 fxe6 14.
Bc4 Rd5 15. Bxd5 cxd5 16. Ke2 Ne7 17. Be3 Nc6 18. f4 Be7 19. b4 b5 20. a4 d4
21. axb5 1-0

[Event "2. Obert de Tardor Barcelona UGA 2014"]
[Site "Barcelona ESP"]
[Date "2014.10.06"]
[Round "1.8"]
[White "Gonzalez Canovas, Sebastia"]
[Black "Aprea, Daniele"]
[Result "0-1"]
[WhiteElo "1840"]
[BlackElo "2114"]
[PlyCount "68"]
[EventDate "2014.10.06"]
[EventType "swiss"]
[EventRounds "8"]
[EventCountry "ESP"]
[Source "lmi"]
[SourceDate "2014.10.06"]

1. d4 e6 2. c4 f5 3. g3 Nf6 4. Bg2 Bb4+ 5. Bd2 Qe7 6. a3 Bxd2+ 7. Nxd2 d6 8.
Ngf3 Nc6 9. O-O O-O 10. e3 a5 11. Ne1 e5 12. Nc2 Qe8 13. Re1 Qg6 14. Nb1 f4 15.
Nc3 Bg4 16. f3 fxg3 17. h3 Bf5 18. e4 Bd7 19. Ne2 Nh5 20. Ne3 Nf4 21. Ng4 h5
22. Nxe5 dxe5 23. dxe5 Nxe5 24. Nxf4 Rxf4 25. Qd5+ Qe6 26. Red1 Qxd5 27. Rxd5
Re8 28. Rad1 Ba4 29. Rc1 Nxf3+ 30. Bxf3 Rxf3 31. Rxa5 Bc6 32. Rxh5 Rxe4 33. Rg5
Rfe3 34. Rf1 Rxc4 0-1

[Event "2. Obert de Tardor Barcelona UGA 2014"]
[Site "Barcelona ESP"]
[Date "2014.10.06"]
[Round "1.9"]
[White "Rios Torondell, Jaume"]
[Black "Casassas Brosa, Ramon"]
[Result "1-0"]
[WhiteElo "2109"]
[BlackElo "1811"]
[PlyCount "69"]
[EventDate "2014.10.06"]
[EventType "swiss"]
[EventRounds "8"]
[EventCountry "ESP"]
[Source "lmi"]
[SourceDate "2014.10.06"]

1. b3 d5 2. Bb2 c5 3. e3 Nf6 4. Bxf6 gxf6 5. Bb5+ Nc6 6. c4 e5 7. Qf3 Be6 8.
Nc3 e4 9. Qh5 dxc4 10. Bxc4 Bxc4 11. bxc4 Qd3 12. Qd5 Nb4 13. Qxd3 exd3 14. Kf1
O-O-O 15. Nf3 Bd6 16. Ne4 Be5 17. Nxe5 fxe5 18. Nxc5 b6 19. Nb3 Nc6 20. f3 f5
21. Kf2 e4 22. f4 Rd7 23. a4 a5 24. c5 Rb7 25. Rhc1 b5 26. axb5 Rxb5 27. Nd4
Nxd4 28. exd4 Rd8 29. Ke3 Rb4 30. Rxa5 Rbxd4 31. c6 R4d5 32. Ra8+ Kc7 33. Ra7+
Kb8 34. Rxh7 Rc8 35. Rb7+ 1-0

[Event "2. Obert de Tardor Barcelona UGA 2014"]
[Site "Barcelona ESP"]
[Date "2014.10.06"]
[Round "1.10"]
[White "Dominguez Rodriguez, Gabriel"]
[Black "Balague Orduña, Enric"]
[Result "0-1"]
[WhiteElo "1802"]
[BlackElo "2102"]
[PlyCount "74"]
[EventDate "2014.10.06"]
[EventType "swiss"]
[EventRounds "8"]
[EventCountry "ESP"]
[Source "lmi"]
[SourceDate "2014.10.06"]

1. d4 Nf6 2. c4 g6 3. Nc3 Bg7 4. e4 d6 5. Nf3 O-O 6. Be2 Nc6 7. O-O e5 8. d5
Ne7 9. h3 a5 10. Re1 Nd7 11. Be3 h6 12. Qd2 Kh7 13. a4 f5 14. Qc2 f4 15. Bd2
Nc5 16. Bf1 g5 17. Nb5 Ng6 18. b3 Rf7 19. Rab1 h5 20. Nh2 g4 21. hxg4 hxg4 22.
g3 Bh6 23. Nc3 Qf6 24. Nd1 Rg7 25. Be2 Nh8 26. b4 axb4 27. Rxb4 Nf7 28. Nc3 f3
29. Bd1 Bd7 30. Nb5 c6 31. Nc7 Rh8 32. Ne6 Bxe6 33. dxe6 Qxe6 34. Bxh6 Qxh6 35.
Bxf3 gxf3 36. Nxf3 Kg8 37. Kg2 Qh3+ 0-1

[Event "2. Obert de Tardor Barcelona UGA 2014"]
[Site "Barcelona ESP"]
[Date "2014.10.06"]
[Round "1.11"]
[White "Real Masdeu, Albert"]
[Black "Massoud, Michel"]
[Result "0-1"]
[WhiteElo "2079"]
[BlackElo "1800"]
[PlyCount "78"]
[EventDate "2014.10.06"]
[EventType "swiss"]
[EventRounds "8"]
[EventCountry "ESP"]
[Source "lmi"]
[SourceDate "2014.10.06"]

1. d4 d5 2. c4 c6 3. Nc3 Nf6 4. Nf3 Nbd7 5. e3 e6 6. Bd3 Be7 7. O-O Qc7 8. e4
Nxe4 9. Nxe4 dxe4 10. Bxe4 b6 11. b3 Bb7 12. Bb2 Bf6 13. Qe2 O-O 14. Rad1 Rad8
15. Ne5 c5 16. Nxd7 Rxd7 17. Rd3 Bxd4 18. Bxh7+ Kxh7 19. Qh5+ Kg8 20. Rh3 f6
21. Qh7+ Kf7 22. Bc1 Ke8 23. Re1 e5 24. Rg3 Kd8 25. a3 Kc8 26. Qf5 Rh8 27. Rxg7
Qc6 28. b4 Rhd8 29. b5 Qd6 30. Rg6 Rf8 31. Bh6 Rff7 32. a4 Kc7 33. a5 bxa5 34.
Bc1 Bc3 35. Rf1 Qd3 36. Qg4 Be4 37. Rg8 Qxc4 38. Rh8 Bd3 39. Rd1 Qxg4 0-1

[Event "2. Obert de Tardor Barcelona UGA 2014"]
[Site "Barcelona ESP"]
[Date "2014.10.06"]
[Round "1.13"]
[White "Gonzalez Martin, Fernando"]
[Black "Vidal Moll, Francesc"]
[Result "0-1"]
[WhiteElo "2017"]
[BlackElo "1792"]
[PlyCount "101"]
[EventDate "2014.10.06"]
[EventType "swiss"]
[EventRounds "8"]
[EventCountry "ESP"]
[Source "lmi"]
[SourceDate "2014.10.06"]

1. d4 Nf6 2. c4 g6 3. Nc3 Bg7 4. g3 O-O 5. Bg2 d6 6. Nf3 Nc6 7. h3 e5 8. Be3
Rb8 9. d5 Ne7 10. Bxa7 Ra8 11. Be3 Nd7 12. O-O h6 13. Qd2 Kh7 14. Ne1 Nf5 15.
Nc2 Nxe3 16. Nxe3 f5 17. Nc2 Nf6 18. e4 Nh5 19. Qe2 Bd7 20. Kh2 Rf7 21. Bf3 Nf6
22. Ne1 f4 23. g4 Kh8 24. Rg1 Nh7 25. Bg2 Ng5 26. Nf3 Nxf3+ 27. Bxf3 Bf6 28. b3
Rh7 29. a4 Qb8 30. b4 Qa7 31. Nb5 Bxb5 32. cxb5 Bh4 33. Kg2 Qd4 34. Rgb1 Kg7
35. a5 Rhh8 36. a6 Qb6 37. Rb2 Ra7 38. Rc2 Rha8 39. Rac1 Bd8 40. axb7 Qxb7 41.
Qc4 Qb6 42. Qc6 Rb8 43. Qd7+ Kg8 44. Qe6+ Kg7 45. Qd7+ Kg8 46. Be2 Rab7 47. Rd1
Bh4 48. Bf1 Rd8 49. Qe6+ Kg7 50. Rc6 Qxf2+ 51. Kh1 0-1

[Event "2. Obert de Tardor Barcelona UGA 2014"]
[Site "Barcelona ESP"]
[Date "2014.10.06"]
[Round "1.14"]
[White "Torralba Pérez, Antonio"]
[Black "Cano Sevila, Ivan"]
[Result "0-1"]
[WhiteElo "1786"]
[BlackElo "2010"]
[PlyCount "72"]
[EventDate "2014.10.06"]
[EventType "swiss"]
[EventRounds "8"]
[EventCountry "ESP"]
[Source "lmi"]
[SourceDate "2014.10.06"]

1. e4 c5 2. Nf3 g6 3. d4 cxd4 4. Nxd4 Bg7 5. c4 Nc6 6. Be3 Nf6 7. Nc3 d6 8. Be2
O-O 9. O-O a6 10. h3 Bd7 11. Nf3 Qc7 12. Rc1 e6 13. Bf4 Ne5 14. Nxe5 dxe5 15.
Be3 Bc6 16. Qc2 Rfd8 17. Rfd1 Qe7 18. Bb6 Rxd1+ 19. Rxd1 Nd7 20. Be3 f5 21.
exf5 exf5 22. Nd5 Bxd5 23. Rxd5 f4 24. Bg4 Nf6 25. Bc5 Qe8 26. Rd2 Nxg4 27.
hxg4 Qc8 28. Ba3 Qxg4 29. f3 Qh4 30. Qd1 Bf8 31. Bxf8 Rxf8 32. Rd7 Kh8 33. Qd5
Qe1+ 34. Kh2 Rf5 35. Rd8+ Kg7 36. Qd7+ Kh6 0-1

[Event "2. Obert de Tardor Barcelona UGA 2014"]
[Site "Barcelona ESP"]
[Date "2014.10.06"]
[Round "1.15"]
[White "Albert Cristobal, Jorge"]
[Black "Franquesa Llopart, Albert"]
[Result "1-0"]
[WhiteElo "1982"]
[BlackElo "1783"]
[PlyCount "87"]
[EventDate "2014.10.06"]
[EventType "swiss"]
[EventRounds "8"]
[EventCountry "ESP"]
[Source "lmi"]
[SourceDate "2014.10.06"]

1. e4 c5 2. d4 cxd4 3. c3 dxc3 4. Nxc3 Nc6 5. Bc4 e6 6. Nf3 a6 7. Bf4 d6 8. O-O
Be7 9. Qe2 Qb6 10. Rfd1 Na5 11. Be3 Qc7 12. Bd3 b5 13. Rac1 Qb7 14. Nd4 Bd7 15.
Qg4 Bf6 16. Qg3 Nc4 17. Bxc4 bxc4 18. Qxd6 Be7 19. Qg3 g6 20. e5 h5 21. h4 Nh6
22. Bxh6 Rxh6 23. Qf4 Rh7 24. Ne4 Rc8 25. Nf3 Ba4 26. Rd4 Bb5 27. Rcd1 Kf8 28.
Nfg5 Bxg5 29. Nxg5 Kg8 30. Nxh7 Kxh7 31. Rd8 Rxd8 32. Rxd8 Qe7 33. Qd4 Kg7 34.
Ra8 Kh7 35. Ra7 Qe8 36. Qd6 Kg7 37. Rb7 Qc6 38. Rb8 Qxd6 39. exd6 Kf6 40. Rb7
Bc6 41. Rc7 Bb5 42. f4 e5 43. fxe5+ Ke6 44. Re7+ 1-0

[Event "2. Obert de Tardor Barcelona UGA 2014"]
[Site "Barcelona ESP"]
[Date "2014.10.06"]
[Round "1.16"]
[White "Torras Lemos, Marc"]
[Black "Montero Domenech, Felix"]
[Result "0-1"]
[WhiteElo "1762"]
[BlackElo "1926"]
[PlyCount "30"]
[EventDate "2014.10.06"]
[EventType "swiss"]
[EventRounds "8"]
[EventCountry "ESP"]
[Source "lmi"]
[SourceDate "2014.10.06"]

1. d4 g6 2. Nf3 d6 3. Bf4 Bg7 4. e3 c5 5. c3 cxd4 6. cxd4 Nf6 7. Nbd2 O-O 8.
Bd3 Nc6 9. a3 e5 10. dxe5 dxe5 11. Nxe5 Nxe5 12. Bb5 Nd3+ 13. Bxd3 Qxd3 14. Nf3
Qxd1+ 15. Rxd1 Bg4 0-1

[Event "2. Obert de Tardor Barcelona UGA 2014"]
[Site "Barcelona ESP"]
[Date "2014.10.06"]
[Round "1.17"]
[White "Jesus Hurtado, Ramon Jose"]
[Black "Menendez Cabrera, Enric"]
[Result "1-0"]
[WhiteElo "1923"]
[BlackElo "1721"]
[PlyCount "127"]
[EventDate "2014.10.06"]
[EventType "swiss"]
[EventRounds "8"]
[EventCountry "ESP"]
[Source "lmi"]
[SourceDate "2014.10.06"]

1. e4 c5 2. Nc3 d6 3. g3 Nc6 4. Bg2 Nf6 5. d3 h6 6. f4 e6 7. Nf3 Be7 8. O-O O-O
9. h3 a6 10. Be3 Re8 11. Qd2 Bf8 12. Rae1 Bd7 13. Kh2 Qc7 14. Qf2 b6 15. e5 Nd5
16. Bd2 Nxc3 17. Bxc3 d5 18. d4 Rab8 19. a3 Rec8 20. Rc1 Qa7 21. Bd2 b5 22. c3
cxd4 23. cxd4 b4 24. axb4 Bxb4 25. Bc3 a5 26. f5 exf5 27. Nh4 Be6 28. Nxf5 Bxc3
29. bxc3 Ne7 30. Nd6 Rf8 31. g4 Nc8 32. Nf5 Ne7 33. Nxe7+ Qxe7 34. Qa2 Rb5 35.
Rb1 Rfb8 36. Rxb5 Rxb5 37. Rb1 Qd7 38. Rxb5 Qxb5 39. Kg3 a4 40. Bf3 Qb3 41.
Qxb3 axb3 42. Bd1 b2 43. Bc2 Bd7 44. Kf2 Ba4 45. Bb1 Kf8 46. Ke3 Bb3 47. Kd3
Ke7 48. Ke3 Ke6 49. Kf4 g6 50. h4 Ke7 51. g5 h5 52. Ke3 Bc4 53. Kd2 Bb3 54. Kd3
Bd1 55. Ba2 Bg4 56. Kc2 Bf5+ 57. Kxb2 Ke6 58. c4 Be4 59. cxd5+ Bxd5 60. Bxd5+
Kxd5 61. Kc3 Kc6 62. Kc4 Kd7 63. d5 Kc7 64. Kc5 1-0

[Event "2. Obert de Tardor Barcelona UGA 2014"]
[Site "Barcelona ESP"]
[Date "2014.10.06"]
[Round "1.18"]
[White "Astor Martinez, Juan Fernando"]
[Black "Pla Carulla, Joaquim"]
[Result "0-1"]
[WhiteElo "1701"]
[BlackElo "1907"]
[PlyCount "62"]
[EventDate "2014.10.06"]
[EventType "swiss"]
[EventRounds "8"]
[EventCountry "ESP"]
[Source "lmi"]
[SourceDate "2014.10.06"]

1. d4 d6 2. e4 Nf6 3. Nc3 g6 4. f3 Bg7 5. Be3 a6 6. Qd2 b5 7. g4 Nbd7 8. Nh3 h6
9. g5 hxg5 10. Nxg5 Bb7 11. h4 e6 12. O-O-O Nb6 13. Qf2 Nc4 14. Bxc4 bxc4 15.
f4 Qe7 16. Rhe1 Ng4 17. Qg3 Nxe3 18. Rxe3 O-O-O 19. f5 Bh6 20. f6 Qxf6 21. Rf3
Bxg5+ 22. hxg5 Qe7 23. Re1 Rh5 24. Rf6 Rdh8 25. Qf2 Rh1 26. Rxh1 Rxh1+ 27. Nd1
Rh7 28. Qe3 Qd7 29. Nf2 Kd8 30. Qc3 Qb5 31. a3 Qxg5+ 0-1

[Event "2. Obert de Tardor Barcelona UGA 2014"]
[Site "Barcelona ESP"]
[Date "2014.10.13"]
[Round "2.1"]
[White "Sanchez Criado, Lluis"]
[Black "Cano Sevila, Ivan"]
[Result "1/2-1/2"]
[WhiteElo "2234"]
[BlackElo "2010"]
[PlyCount "71"]
[EventDate "2014.10.06"]
[EventType "swiss"]
[EventRounds "8"]
[EventCountry "ESP"]
[Source "lmi"]
[SourceDate "2014.10.06"]

1. d4 Nf6 2. c4 e5 3. dxe5 Ng4 4. Nf3 Bc5 5. e3 Nc6 6. Nc3 Ngxe5 7. Nxe5 Nxe5
8. f4 Ng6 9. Bd3 d6 10. O-O O-O 11. Na4 Bb6 12. Nxb6 axb6 13. Bd2 f5 14. Qc2
Ne7 15. Bc3 Bd7 16. Rf3 Bc6 17. Rg3 g6 18. b3 Rf7 19. Bb2 Kf8 20. Qc3 Ng8 21.
Qh8 Qe7 22. a3 Rd8 23. Re1 Ke8 24. Bxf5 Rxf5 25. Qxg8+ Kd7 26. Qg7 Re8 27.
Qxe7+ Rxe7 28. Kf2 Be4 29. Re2 Rh5 30. Rh3 Rxh3 31. gxh3 h5 32. Rd2 Bf5 33. Rd4
Re4 34. Rd2 Bxh3 35. Bd4 Bf5 36. Rd1 1/2-1/2

[Event "2. Obert de Tardor Barcelona UGA 2014"]
[Site "Barcelona ESP"]
[Date "2014.10.13"]
[Round "2.2"]
[White "Montero Domenech, Felix"]
[Black "Canellas Magide, Lluis"]
[Result "0-1"]
[WhiteElo "1926"]
[BlackElo "2208"]
[PlyCount "48"]
[EventDate "2014.10.06"]
[EventType "swiss"]
[EventRounds "8"]
[EventCountry "ESP"]
[Source "lmi"]
[SourceDate "2014.10.06"]

1. e4 c5 2. Nc3 e6 3. g3 Nc6 4. Bg2 g6 5. d3 Bg7 6. Nge2 Nge7 7. O-O O-O 8. Be3
Nd4 9. Rb1 d6 10. Nf4 Nec6 11. Nce2 b6 12. Nxd4 cxd4 13. Bd2 Ba6 14. h4 Rc8 15.
Nh3 Ne5 16. Rc1 h5 17. f3 Qd7 18. Nf2 Qb5 19. f4 Ng4 20. Nxg4 hxg4 21. Qxg4
Qxb2 22. f5 Rxc2 23. Rxc2 Qxc2 24. Bb4 Bxd3 0-1

[Event "2. Obert de Tardor Barcelona UGA 2014"]
[Site "Barcelona ESP"]
[Date "2014.10.13"]
[Round "2.3"]
[White "Pla Carulla, Joaquim"]
[Black "Cardenas, Fernando Adrian"]
[Result "1/2-1/2"]
[WhiteElo "1907"]
[BlackElo "2171"]
[PlyCount "83"]
[EventDate "2014.10.06"]
[EventType "swiss"]
[EventRounds "8"]
[EventCountry "ESP"]
[Source "lmi"]
[SourceDate "2014.10.06"]

1. e4 c5 2. Nf3 Nc6 3. d4 cxd4 4. Nxd4 Nf6 5. Nc3 e5 6. Ndb5 d6 7. Bg5 a6 8.
Na3 b5 9. Nd5 Be7 10. Bxf6 Bxf6 11. c4 b4 12. Nc2 Rb8 13. b3 Bg5 14. Bd3 O-O
15. O-O g6 16. f4 exf4 17. Nxf4 Ne5 18. Nd5 Be6 19. Nce3 Bxe3+ 20. Nxe3 Qb6 21.
Qd2 f5 22. exf5 gxf5 23. Kh1 f4 24. Nd5 Bxd5 25. cxd5 Kh8 26. Qe2 a5 27. Qe4
Qa7 28. Be2 Qe3 29. Qxe3 fxe3 30. Ba6 Kg7 31. h3 Ra8 32. Rxf8 Rxf8 33. Re1 Rf2
34. Re2 Rf1+ 35. Kh2 Rd1 36. Rxe3 Rxd5 37. Re2 Rd4 38. Kg3 Kf6 39. Kf2 d5 40.
g3 Rd1 41. Ke3 Rf1 42. Kd4 1/2-1/2

[Event "2. Obert de Tardor Barcelona UGA 2014"]
[Site "Barcelona ESP"]
[Date "2014.10.13"]
[Round "2.4"]
[White "Castells Briones, Miquel"]
[Black "Albert Cristobal, Jorge"]
[Result "1-0"]
[WhiteElo "2170"]
[BlackElo "1982"]
[PlyCount "51"]
[EventDate "2014.10.06"]
[EventType "swiss"]
[EventRounds "8"]
[EventCountry "ESP"]
[Source "lmi"]
[SourceDate "2014.10.06"]

1. d4 c6 2. c4 d6 3. Nf3 Qc7 4. Nc3 Bg4 5. e3 Nf6 6. Be2 Nbd7 7. O-O e5 8. Qc2
Be7 9. b3 Rc8 10. Bb2 O-O 11. Rfd1 Bh5 12. Nh4 Bg6 13. Nxg6 fxg6 14. Qd3 d5 15.
cxd5 cxd5 16. dxe5 Nxe5 17. Qd4 Bc5 18. Qh4 Rcd8 19. Rac1 Be7 20. Qg3 Bd6 21.
Nb5 Nf7 22. Nxc7 Bxg3 23. hxg3 Ng5 24. f4 Nge4 25. Ne6 Nxg3 26. Bf3 1-0

[Event "2. Obert de Tardor Barcelona UGA 2014"]
[Site "Barcelona ESP"]
[Date "2014.10.13"]
[Round "2.5"]
[White "Sanchez Viana, Jordi"]
[Black "Magallanes, Gustavo Javier"]
[Result "1/2-1/2"]
[WhiteElo "1907"]
[BlackElo "2118"]
[PlyCount "99"]
[EventDate "2014.10.06"]
[EventType "swiss"]
[EventRounds "8"]
[EventCountry "ESP"]
[Source "lmi"]
[SourceDate "2014.10.06"]

1. e4 c5 2. Nf3 Nc6 3. d4 cxd4 4. Nxd4 e6 5. g3 a6 6. Bg2 Qc7 7. O-O Nf6 8. Nc3
h5 9. Nxc6 bxc6 10. Bf4 e5 11. Bg5 Be7 12. Kh1 d6 13. Qd2 Be6 14. Rad1 Rb8 15.
b3 Qc8 16. Ne2 Bg4 17. f4 Bh3 18. Bxf6 gxf6 19. Bxh3 Qxh3 20. Ng1 Qg4 21. Qe2
Qxe2 22. Nxe2 h4 23. g4 a5 24. Nc3 Rb4 25. a3 Rd4 26. Rxd4 exd4 27. Ne2 c5 28.
f5 Kd7 29. Nf4 Bf8 30. Nd5 Bg7 31. Nb6+ Kc6 32. Nc4 Re8 33. Re1 Bh6 34. Kg2 Kc7
35. Kf1 Bf4 36. Re2 Rg8 37. h3 Ra8 38. a4 Ra6 39. Kg2 Kc6 40. Kf3 Bg5 41. Kg2
Ra7 42. Kf3 Ra8 43. Kg2 Bc1 44. Re1 Bg5 45. Re2 Bf4 46. Kf3 Bg3 47. Kg2 Ra6 48.
Kf3 Kd7 49. Nd2 Kc6 50. Nc4 1/2-1/2

[Event "2. Obert de Tardor Barcelona UGA 2014"]
[Site "Barcelona ESP"]
[Date "2014.10.13"]
[Round "2.6"]
[White "Aprea, Daniele"]
[Black "Jesus Hurtado, Ramon Jose"]
[Result "1-0"]
[WhiteElo "2114"]
[BlackElo "1923"]
[PlyCount "93"]
[EventDate "2014.10.06"]
[EventType "swiss"]
[EventRounds "8"]
[EventCountry "ESP"]
[Source "lmi"]
[SourceDate "2014.10.06"]

1. d4 d5 2. c4 Nc6 3. cxd5 Qxd5 4. e3 e5 5. Nc3 Bb4 6. Bd2 Bxc3 7. Bxc3 exd4 8.
Ne2 Nge7 9. Nxd4 Nxd4 10. Qxd4 Qxd4 11. Bxd4 O-O 12. Bc4 b6 13. b4 a5 14. b5
Bb7 15. O-O Nf5 16. Be5 Nd6 17. Be2 Rfe8 18. Bxd6 cxd6 19. Rac1 Rac8 20. Rfd1
Rxc1 21. Rxc1 Rc8 22. Rd1 Rd8 23. Bf3 Bxf3 24. gxf3 Kf8 25. Rc1 Ke7 26. Rc6 Rb8
27. Rc7+ Ke6 28. e4 h5 29. Kf1 g6 30. Ke2 f5 31. Ke3 fxe4 32. fxe4 g5 33. a4
Kf6 34. Kd4 Ke6 35. Rh7 Rf8 36. Rh6+ Kd7 37. Kd5 Rxf2 38. Rh7+ Kc8 39. Rxh5
Rd2+ 40. Kc6 Rc2+ 41. Kxb6 Rc4 42. Rh8+ Kd7 43. Kxa5 Rxe4 44. b6 Re5+ 45. Ka6
d5 46. b7 Re6+ 47. Kb5 1-0

[Event "2. Obert de Tardor Barcelona UGA 2014"]
[Site "Barcelona ESP"]
[Date "2014.10.13"]
[Round "2.7"]
[White "Massoud, Michel"]
[Black "Rios Torondell, Jaume"]
[Result "0-1"]
[WhiteElo "1800"]
[BlackElo "2109"]
[PlyCount "59"]
[EventDate "2014.10.06"]
[EventType "swiss"]
[EventRounds "8"]
[EventCountry "ESP"]
[Source "lmi"]
[SourceDate "2014.10.06"]

1. d4 e6 2. e4 d5 3. exd5 exd5 4. Nf3 Nc6 5. Bb5 Bd6 6. Nc3 Nge7 7. Bg5 f6 8.
Bh4 Bb4 9. Bg3 a6 10. Bd3 Bg4 11. a3 Bd6 12. O-O Nxd4 13. Bxh7 Bxg3 14. fxg3
Nxf3+ 15. gxf3 Rxh7 16. fxg4 Qd6 17. Qd3 Rh8 18. Rfe1 O-O-O 19. Rad1 Rhe8 20.
b4 Qb6+ 21. Kg2 d4 22. Ne2 Nc6 23. Nf4 Ne5 24. Qf5+ Kb8 25. Ng6 Qc6+ 26. Kf2
Nxg6 27. Qxg6 Re3 28. Qf5 g6 29. Qxg6 Rde8 30. Rxe3 0-1

[Event "2. Obert de Tardor Barcelona UGA 2014"]
[Site "Barcelona ESP"]
[Date "2014.10.13"]
[Round "2.8"]
[White "Balague Orduña, Enric"]
[Black "Vidal Moll, Francesc"]
[Result "1-0"]
[WhiteElo "2102"]
[BlackElo "1792"]
[PlyCount "35"]
[EventDate "2014.10.06"]
[EventType "swiss"]
[EventRounds "8"]
[EventCountry "ESP"]
[Source "lmi"]
[SourceDate "2014.10.06"]

1. d4 Nf6 2. Bg5 e6 3. e4 Be7 4. Nc3 d6 5. Qd2 Nc6 6. O-O-O Ng4 7. Bxe7 Qxe7 8.
h3 Nf6 9. f4 Bd7 10. Nf3 O-O-O 11. d5 Nb4 12. a3 Na6 13. Bxa6 bxa6 14. Qd3 Bb5
15. Nxb5 axb5 16. Qxb5 Nxe4 17. Nd4 Nc5 18. Nc6 1-0